| 000 | 00625nam a22002177a 4500 | ||
|---|---|---|---|
| 003 | BUBTL | ||
| 008 | 180801b xxu||||| |||| 00| 0 eng d | ||
| 020 | _a9788131525272 | ||
| 082 | _a332.473/ M2679f/ 2012 | ||
| 100 |
_a Madura, Jeffe _94525 |
||
| 245 |
_aFinancial Institutions & Markets: _cJeffe Madura |
||
| 250 | _a10th | ||
| 260 |
_aSouth-Western _bCengage Learning _cc2012 |
||
| 300 |
_a[xxxv], 714p . : _bChart, Table ; 25cm.+ |
||
| 500 | _aIncludes Index . | ||
| 650 | 0 |
_918 _aFinance |
|
| 700 |
_91970 _aJeff Maeura |
||
| 856 |
_k0 _l0 _yDownload |
||
| 942 |
_2ddc _cBK |
||
| 999 |
_c5767 _d5767 |
||